| 000 | 00475nam a22001817a 4500 | ||
|---|---|---|---|
| 003 | OSt | ||
| 005 | 20220830102210.0 | ||
| 008 | 220830b |||||||| |||| 00| 0 eng d | ||
| 020 | _a9789380239873 | ||
| 040 | _cIFM Library | ||
| 082 | _a332.1 | ||
| 100 |
_aSharma, B. S. _93744 |
||
| 245 | _aElements of Banking:Theory and applications | ||
| 260 |
_aDelhi _bVISTA INTERNATIONAL PUBLICATION _c2012 |
||
| 300 | _a288p. 22cm | ||
| 500 | _aInclude Index | ||
| 942 |
_cBK _2ddc _n0 |
||
| 999 |
_c15966 _d15966 |
||